Personnage de Gundam ou de Uma Musume ? - Statistiques

Statistiques générales
  • Ce quiz a été pris 109 fois
  • Le résultat moyen est 12 sur 20
Statistiques - réponses
Question Réponse % Correct
Garma Zabi Gundam
83%
Hathaway Noa Gundam
82%
Fraw Bow Gundam
73%
Jamitov Hymen Gundam
73%
Bitter Glasse Uma Musume
72%
Rau Le Creuset Gundam
69%
Tosen Jordan Uma Musume
69%
Glemy Toto Gundam
63%
Perry Steam Uma Musume
58%
Felsi Rollo Gundam
57%
Fusaichi Pandora Uma Musume
57%
Bright Rock Uma Musume
57%
Zenno Rob Roy Uma Musume
57%
Tony Bianca Uma Musume
56%
Sarasa Moon Gundam
51%
Byerley Turk Gundam
48%
Junko Hosoe Uma Musume
45%
Mill Wakaba Uma Musume
39%
Sonon Elfie Uma Musume
37%
Lalah Sune Uma Musume
18%
Aucun quiz correspondant
Distribution des résultats
% des personnes avec chaque résultat
Percentile par nombre de réponses
Votre historique - résultats
Vous n’avez pas pris ce quiz